[Event "only 10 players under 2000"]
[Site "SchemingMind.com"]
[Date "2017.09.16"]
[Round "-"]
[White "Scooter"]
[Black "aliwood"]
[Result "1-0"]
[WhiteCountry "USA"]
[BlackCountry "ENG"]
[WhiteElo "1685"]
[WhiteRD "55"]
[BlackElo "1301"]
[BlackRD "55"]
[GameID "418480"]

1. d4 d5 2. Nf3 e6 3. Bf4 Nc6 4. c3 Nf6 5. e3 Bd6 6. Bxd6 Qxd6 7. Bb5 O-O 8. O-O a6 9. Bxc6 Qxc6 10. Nbd2 b5
11. Ne5 Qb6 12. Nb3 Nd7 13. Nxd7 Bxd7 14. Nc5 Bc8 15. Qf3 e5 16. Qe2 a5 17. b4 axb4 18. cxb4 Bf5 19. g4 Be4 20. Nd7 Qh6
21. Nxf8 Kxf8 22. f3 Bg6 23. dxe5 c6 24. f4 Be4 25. g5 Qh3 26. Rf2 g6 27. Rc1 Rc8 28. Rc5 Ke7 29. a4 bxa4 30. Ra5 Qd7
31. Rxa4 c5 32. Qa6 Rc6 33. Qa7 Qxa7 34. Rxa7+ Ke6 35. bxc5 Rxc5 36. Ra6+ Kf5 37. h3 Bd3 38. Rd2 Bxa6 39. Kf2 Bc4 40. Rb2 Rc7
41. Rb6 d4 42. Kf3 d3 43. Rf6#
1-0

[Event "only 10 players under 2000"]
[Site "SchemingMind.com"]
[Date "2017.09.11"]
[Round "-"]
[White "aliwood"]
[Black "kenneth m day"]
[Result "0-1"]
[WhiteCountry "ENG"]
[BlackCountry "USA"]
[WhiteElo "1242"]
[WhiteRD "59"]
[BlackElo "1726"]
[BlackRD "60"]
[GameID "418483"]

1. Nf3 d5 2. d4 Nf6 3. e3 Bg4 4. h3 Bh5 5. g4 Bg6 6. Nc3 Nbd7 7. Ne5 Nxe5 8. dxe5 Ne4 9. Nxe4 Bxe4 10. Rg1 e6
11. Bd3 Be7 12. Qe2 Bh4 13. Bxe4 dxe4 14. Qd2 Qe7 15. b3 Rd8 16. Qe2 O-O 17. a4 Qc5 18. Bb2 Qb4+ 19. Qd2 Qxd2+ 20. Kf1 Qxf2#
0-1

[Event "only 10 players under 2000"]
[Site "SchemingMind.com"]
[Date "2017.09.16"]
[Round "-"]
[White "kenneth m day"]
[Black "aliwood"]
[Result "1-0"]
[WhiteCountry "USA"]
[BlackCountry "ENG"]
[WhiteElo "1726"]
[WhiteRD "63"]
[BlackElo "1301"]
[BlackRD "55"]
[GameID "418484"]

1. e4 e5 2. f4 d6 3. Nf3 Nc6 4. d3 Bg4 5. Be2 Nf6 6. O-O Bxf3 7. Bxf3 Nd4 8. fxe5 Nxf3+ 9. Qxf3 dxe5 10. Bg5 Qd6
11. Nc3 Be7 12. a3 O-O 13. Rad1 c6 14. Kh1 a6 15. Rf2 Nd7 16. Be3 Bf6 17. Ne2 Rfe8 18. Ng3 b5 19. Nh5 Bh4 20. Qg4 g6
21. Rff1 Nf6 22. Nxf6+ Bxf6 23. h4 Ra7 24. h5 Re6 25. hxg6 fxg6 26. Bxa7 Re7 27. Be3 Rf7 28. Bh6 Qe7 29. Qc8+ Qd8 30. Qxd8+ Rf8
31. Qxf8#
1-0

[Event "only 10 players under 2000"]
[Site "SchemingMind.com"]
[Date "2017.09.12"]
[Round "-"]
[White "aliwood"]
[Black "ray winteringham"]
[Result "0-1"]
[WhiteCountry "ENG"]
[BlackCountry "ENG"]
[WhiteElo "1242"]
[WhiteRD "59"]
[BlackElo "1483"]
[BlackRD "52"]
[GameID "418485"]

1. Nf3 c5 2. c4 Nc6 3. e3 d6 4. d3 Bg4 5. h3 Bh5 6. Be2 Bg6 7. O-O e5 8. Nc3 Be7 9. e4 Nf6 10. a3 b6
11. Nd5 h6 12. Nxf6+ Bxf6 13. Re1 O-O 14. Bd2 Be7 15. b4 f5 16. Rb1 f4 17. Bc3 Bf7 18. bxc5 bxc5 19. Qc2 g5 20. Nd2 Rb8
21. d4 cxd4 22. Ba1 Qa5 23. Rb5 Qxa3 24. Rxb8 Rxb8 25. Rb1 Rxb1+ 26. Nxb1 Qxa1 27. f3 Bd8 28. Kh2 Ba5 29. h4 Bc3 30. Nxc3 Qxc3
31. Qxc3 dxc3
0-1

[Event "only 10 players under 2000"]
[Site "SchemingMind.com"]
[Date "2017.09.12"]
[Round "-"]
[White "ray winteringham"]
[Black "aliwood"]
[Result "1-0"]
[WhiteCountry "ENG"]
[BlackCountry "ENG"]
[WhiteElo "1483"]
[WhiteRD "52"]
[BlackElo "1242"]
[BlackRD "59"]
[GameID "418486"]

1. e4 e5 2. Nf3 Nc6 3. d3 d6 4. h3 Nd4 5. Nxd4 Nf6 6. Nf3 Be7 7. Be2 O-O 8. Be3 b6 9. c4 Bb7 10. Nc3 c6
11. O-O d5 12. exd5 cxd5 13. cxd5 Nxd5 14. Nxe5 Nxe3 15. fxe3 g6 16. d4 Rc8 17. Bg4 Rb8 18. Nd7 Bc8 19. Nxb8 Bb7 20. Nd7 Re8
21. Ne5 Bb4 22. Nxf7 Qc7 23. Ne5 a6 24. Qb3+ Kg7 25. Qxb4 Qc8 26. Bxc8 Bxc8 27. Rf7+ Kh6 28. d5 Rxe5 29. Qf8+
1-0

[Event "only 10 players under 2000"]
[Site "SchemingMind.com"]
[Date "2017.10.02"]
[Round "-"]
[White "roscoe"]
[Black "aliwood"]
[Result "0-1"]
[WhiteCountry "USA"]
[BlackCountry "ENG"]
[WhiteElo "1163"]
[WhiteRD "89"]
[BlackElo "1342"]
[BlackRD "64"]
[GameID "419027"]

1. g3 d5 2. d4 Nf6 3. Nf3 e6 4. a3 Be7 5. Nc3 O-O 6. Bg2 c5 7. O-O cxd4 8. Nxd4 a6 9. Re1 Nc6 10. e4 dxe4
11. Nxe4 Nxe4 12. Bxe4 Bd7 13. c3 Rb8 14. b4 Ne5 15. Bf4 Bf6 16. Bxe5 Bxe5 17. Bc2 Bf6 18. Qd3 g6 19. Rad1 Rc8 20. a4 e5
21. Nf3 Bf5 22. Qxd8 Bxd8 23. Bxf5 gxf5 24. Nxe5 Re8 25. Kg2 Bf6 26. Rd5 Rxc3 27. Re3 Rxe3 28. Nd7 Bg7 29. Rxf5 R8e7 30. fxe3 Rxe3
31. Rd5 Bc3 32. Rg5+ Kh8 33. b5 a5 34. Nf6 Bxf6 35. Rd5 Kg7 36. Rd7 b6
0-1

[Event "only 10 players under 2000"]
[Site "SchemingMind.com"]
[Date "2017.09.28"]
[Round "-"]
[White "aliwood"]
[Black "roscoe"]
[Result "1/2-1/2"]
[WhiteCountry "ENG"]
[BlackCountry "USA"]
[WhiteElo "1342"]
[WhiteRD "64"]
[BlackElo "1163"]
[BlackRD "89"]
[GameID "419028"]

1. Nf3 Nf6 2. d4 d5 3. c4 dxc4 4. Nc3 Nc6 5. e4 e6 6. Bxc4 Na5 7. Be2 Be7 8. O-O O-O 9. Bd2 b6 10. Bg5 h6
11. Bh4 Nd7 12. Bxe7 Qxe7 13. Bb5 a6 14. Bd3 c5 15. dxc5 Nxc5 16. Be2 Rd8 17. Qc2 e5 18. Rad1 Rxd1 19. Rxd1 Bb7 20. b4 Nc6
21. bxc5 Rd8 22. Rxd8+ Qxd8 23. Bc4 Nd4 24. Nxd4 Qxd4 25. Qb3 Kh7 26. h3 Qxc5 27. Bd5 Bxd5 28. Nxd5 b5 29. a4 Qc1+ 30. Kh2 Qe1
31. Qf3 f6 32. Qf5+ Kg8 33. Qe6+ Kh7 34. Qf5+ Kg8 35. Ne7+ Kf7 36. Nd5 bxa4 37. Qd7+ Kg6 38. Qe8+=
1/2-1/2

[Event "only 10 players under 2000"]
[Site "SchemingMind.com"]
[Date "2017.10.02"]
[Round "-"]
[White "roscoe"]
[Black "dadshane2000"]
[Result "0-1"]
[WhiteCountry "USA"]
[BlackCountry "USA"]
[WhiteElo "1277"]
[WhiteRD "93"]
[BlackElo "1898"]
[BlackRD "89"]
[GameID "419029"]

1. d4 Nf6 2. Nf3 d6 3. Nbd2 g6 4. g3 b6 5. Bg2 Bg7 6. O-O Bb7 7. Re1 Nbd7 8. e4 O-O 9. e5 dxe5 10. dxe5 Nd5
11. c4 Nb4 12. Bf1 Nc5 13. Ne4 Qxd1 14. Rxd1 Bxe4 15. Bg2 Rad8 16. Bd2 Bxf3 17. Bxf3 Nbd3 18. b4 Nxe5 19. Bg2 Ncd3 20. Rab1 Nxc4
21. Rb3 Nxd2 22. Rxd2 Nc1
0-1

[Event "only 10 players under 2000"]
[Site "SchemingMind.com"]
[Date "2017.10.02"]
[Round "-"]
[White "dadshane2000"]
[Black "roscoe"]
[Result "1-0"]
[WhiteCountry "USA"]
[BlackCountry "USA"]
[WhiteElo "1903"]
[WhiteRD "89"]
[BlackElo "1200"]
[BlackRD "89"]
[GameID "419030"]

1. e4 e5 2. Nf3 Nc6 3. Bc4 Qe7 4. d3 h6 5. Nc3 Nf6 6. O-O Nd4 7. Be3 b5 8. Bxb5 Nxb5 9. Nxb5 d6 10. Nxa7 Bb7
11. Nb5 Ba6 12. a4 d5 13. exd5 Nxd5 14. Re1 Qb4 15. Bd2 Qc5 16. Rxe5+ Be7 17. Nxc7+ Qxc7 18. Rxd5 O-O 19. Ba5 Qc6 20. c4 Bb7
21. Bc3 Bf6 22. Nd4 Bxd4 23. Bxd4 Qg6 24. Qf3 Bxd5 25. cxd5 Rfe8 26. Bc5 Rxa4 27. Ba3 Rc8 28. d6 Rd8 29. Re1 Rd7 30. g3 f5
31. Qc6
1-0

[Event "only 10 players under 2000"]
[Site "SchemingMind.com"]
[Date "2017.09.28"]
[Round "-"]
[White "roscoe"]
[Black "Black Knight"]
[Result "1-0"]
[WhiteCountry "USA"]
[BlackCountry "USA"]
[WhiteElo "1276"]
[WhiteRD "97"]
[BlackElo "1392"]
[BlackRD "52"]
[GameID "419031"]

1. d4 d5 2. Nf3 Nc6 3. e3 Nf6 4. Bb5 a6 5. Ba4 b5 6. Bb3 Bg4 7. Nbd2 e6 8. O-O a5 9. c3 Ne4 10. Qe1 Nxd2
11. Bxd2 Bxf3 12. gxf3 a4 13. Bc2 Bd6 14. e4 dxe4 15. Bxe4 O-O 16. Bxc6 Ra6 17. Be4 Be7 18. Qe2 f5 19. Bd3 c6 20. f4 Bh4
21. b3 g5 22. fxg5 Bxg5 23. Bxg5 Qxg5+ 24. Kh1 Kh8 25. Rg1 Qf4 26. Raf1 Raa8 27. Rg3 Rg8 28. Qh5 Qd2 29. Qe2 Qxc3 30. Bxf5 Rxg3
31. fxg3 Qc5 32. dxc5
1-0

[Event "only 10 players under 2000"]
[Site "SchemingMind.com"]
[Date "2017.09.28"]
[Round "-"]
[White "Black Knight"]
[Black "roscoe"]
[Result "0-1"]
[WhiteCountry "USA"]
[BlackCountry "USA"]
[WhiteElo "1351"]
[WhiteRD "51"]
[BlackElo "1277"]
[BlackRD "93"]
[GameID "419032"]

1. e4 e5 2. Nf3 d6 3. Bb5+ Bd7 4. Bxd7+ Nxd7 5. O-O Ngf6 6. Nc3 g6 7. d3 Qe7 8. Bg5 O-O-O= 9. Re1 h6 10. Bxf6 Nxf6
11. Nd5 Nxd5 12. exd5 f5 13. c4 e4 14. Qd2 b6 15. dxe4 fxe4 16. Re3 Qd7 17. Rxe4 Bg7 18. Re6 g5 19. Rae1 Rhe8 20. Rxe8 Rxe8
21. Rxe8+ Qxe8 22. b3 a5 23. Qe1 Qd7 24. Qe4 Kb7 25. a4 Ba1 26. Qg6 c6 27. dxc6+ Qxc6 28. Qxh6 g4 29. Nd2 Bc3 30. Qh7+ Kb8
31. Qg8+ Kb7 32. Nb1 Be5 33. Qxg4 d5 34. cxd5 Qc1+
0-1

[Event "only 10 players under 2000"]
[Site "SchemingMind.com"]
[Date "2017.09.28"]
[Round "-"]
[White "roscoe"]
[Black "Scooter"]
[Result "0-1"]
[WhiteCountry "USA"]
[BlackCountry "USA"]
[WhiteElo "1277"]
[WhiteRD "93"]
[BlackElo "1685"]
[BlackRD "55"]
[GameID "419033"]

1. d4 Nf6 2. Nf3 g6 3. Nc3 Bg7 4. e4 d6 5. e5 dxe5 6. dxe5 Qxd1+ 7. Nxd1 Nfd7 8. Bc4 e6 9. O-O Nxe5 10. Nxe5 Bxe5
11. Re1 Bg7 12. Nc3 Bxc3 13. bxc3 O-O 14. Bf4 c6 15. Bd6 Rd8 16. Be7 Re8 17. Bf6 Nd7 18. Bg5 b5 19. Bd3 Bb7 20. c4 b4
21. Bd2 a5 22. h3 c5 23. Be4 Bxe4 24. Rxe4 Nf6 25. Re5 Nd7 26. Re3 Nf6 27. a4 Red8 28. Be1 Rd4 29. Rf3 Kg7 30. c3 Rxc4
31. Re3 Rd8 32. Kh2 Nd5 33. Rd3 bxc3 34. f3 Rd4 35. Rdd1 Ne3 36. Rdc1 Rd1 37. Bxc3+ f6 38. Bxa5 Rxc1 39. Rxc1 Rd5 40. Rc3 Nf1+
41. Kg1 Ng3 42. Bc7 Ne2+ 43. Kf2 Nxc3
0-1

[Event "only 10 players under 2000"]
[Site "SchemingMind.com"]
[Date "2017.09.28"]
[Round "-"]
[White "Scooter"]
[Black "roscoe"]
[Result "1-0"]
[WhiteCountry "USA"]
[BlackCountry "USA"]
[WhiteElo "1688"]
[WhiteRD "56"]
[BlackElo "1276"]
[BlackRD "97"]
[GameID "419034"]

1. d4 d5 2. Nf3 Nc6 3. Bf4 e6 4. e3 Nf6 5. Bb5 a6 6. Bxc6+ bxc6 7. O-O h6 8. Nbd2 Bd6 9. Bxd6 Qxd6 10. c4 O-O
11. c5 Qe7 12. Ne5 Bb7 13. Qa4 Qe8 14. b4 Ne4 15. Nxe4 a5 16. bxa5 Ba6 17. Rfd1 Bb5 18. Qb4 dxe4 19. a4 Be2 20. Rdb1 f6
21. Nc4 Rb8 22. Qc3 Rxb1+ 23. Rxb1 Bxc4 24. Qxc4 Kh8 25. a6 e5 26. a7 exd4 27. Rb8 Qxb8 28. axb8=Q Rxb8 29. g3
1-0

[Event "only 10 players under 2000"]
[Site "SchemingMind.com"]
[Date "2017.09.28"]
[Round "-"]
[White "roscoe"]
[Black "kenneth m day"]
[Result "0-1"]
[WhiteCountry "USA"]
[BlackCountry "USA"]
[WhiteElo "1277"]
[WhiteRD "93"]
[BlackElo "1726"]
[BlackRD "63"]
[GameID "419037"]

1. d4 Nf6 2. Nf3 d6 3. Nc3 g6 4. e4 Bg7 5. Bb5+ Bd7 6. Bxd7+ Nbxd7 7. O-O O-O 8. Re1 c5 9. dxc5 Nxc5 10. b3 Qa5
11. Bd2 Ng4 12. Nd5 Qd8 13. Rb1 e6 14. Nc3 Qb6 15. h3 Nf6 16. Na4 Qc6 17. Nd4 Qd7 18. Nf3 Ncxe4 19. Ng5 Nxd2 20. Qxd2 h6
21. Ne4 d5 22. Nxf6+ Bxf6 23. Nc5 Qc6 24. Qb4 Be7 25. Qxb7 Qxc5 26. Re2 Rfd8 27. b4 Qd6 28. Qb5 Rdb8 29. Qd3 Rxb4 30. Rxb4 Qxb4
31. a3 Qxa3 32. c3 Bd6 33. g3 a5 34. h4 Rc8
0-1

[Event "only 10 players under 2000"]
[Site "SchemingMind.com"]
[Date "2017.09.28"]
[Round "-"]
[White "kenneth m day"]
[Black "roscoe"]
[Result "1-0"]
[WhiteCountry "USA"]
[BlackCountry "USA"]
[WhiteElo "1726"]
[WhiteRD "63"]
[BlackElo "1277"]
[BlackRD "93"]
[GameID "419038"]

1. e4 e5 2. f4 Nf6 3. Nc3 Nc6 4. Nf3 d6 5. Bc4 Be6 6. Bb5 a6 7. Ba4 b5 8. Bb3 Bxb3 9. axb3 h6 10. O-O exf4
11. d4 d5 12. exd5 b4 13. Re1+ Be7 14. Na4 O-O 15. dxc6 Nd5 16. c4 Nb6 17. Bxf4 a5 18. d5 Nxa4 19. bxa4 Bc5+ 20. Kh1 Re8
21. Rxe8+ Qxe8 22. Bxc7 Ra7 23. Bg3 f6 24. Qd2 b3 25. Re1 Qf7 26. Bf2 Qf8 27. Be3 Bb4 28. Qe2 Re7 29. Rd1 f5 30. Qd3 Qf6
31. Bd4 Qf7 32. Ne5 Qh5 33. Rf1
1-0

[Event "only 10 players under 2000"]
[Site "SchemingMind.com"]
[Date "2017.09.28"]
[Round "-"]
[White "roscoe"]
[Black "ray winteringham"]
[Result "0-1"]
[WhiteCountry "USA"]
[BlackCountry "ENG"]
[WhiteElo "1276"]
[WhiteRD "97"]
[BlackElo "1483"]
[BlackRD "52"]
[GameID "419039"]

1. d4 d5 2. h3 Nc6 3. Nf3 Bf5 4. Nbd2 e6 5. a3 Bd6 6. Nh4 Nge7 7. Nxf5 Nxf5 8. e3 a6 9. Bd3 Nfe7 10. O-O Qd7
11. Nf3 O-O-O 12. e4 dxe4 13. Bxe4 f5 14. Bxc6 Qxc6 15. Bd2 b5 16. Ng5 Qe8 17. Re1 Nc6 18. Rxe6 Qd7 19. Qe2 Nxd4 20. Qd3 g6
21. Qxd4 Bh2+ 22. Kxh2 Qxd4 23. Bc3 Qf4+ 24. g3 Qxf2+
0-1

[Event "only 10 players under 2000"]
[Site "SchemingMind.com"]
[Date "2017.09.28"]
[Round "-"]
[White "ray winteringham"]
[Black "roscoe"]
[Result "1-0"]
[WhiteCountry "ENG"]
[BlackCountry "USA"]
[WhiteElo "1483"]
[WhiteRD "52"]
[BlackElo "1276"]
[BlackRD "97"]
[GameID "419040"]

1. e4 e5 2. Nf3 Nc6 3. Bc4 Qe7 4. a3 Nf6 5. d3 h6 6. b4 a6 7. Bb2 d5 8. exd5 Nd4 9. O-O b5 10. Ba2 Bb7
11. Nxe5 Qxe5 12. f4 Qe3+ 13. Rf2 Ng4 14. Qxg4 Bc8 15. c3 Bxg4 16. cxd4 Bd6 17. Nc3 Qxd3 18. Re1+ Kd7 19. Bb1 Qxd4 20. Re4 Qf6
21. Nxb5 axb5 22. Bxf6 gxf6 23. f5 Bd1 24. Re1 Bb3 25. Re3 Rxa3 26. Rb2 Re8 27. Rexb3 Ra6 28. Bd3 Ra1+ 29. Rb1 Be5 30. Bxb5+ Kd8
31. Bxe8 Kxe8 32. Rxa1
1-0

[Event "only 10 players under 2000"]
[Site "SchemingMind.com"]
[Date "2017.10.19"]
[Round "-"]
[White "roscoe"]
[Black "Transcendent"]
[Result "0-1"]
[WhiteCountry "USA"]
[BlackCountry "ENG"]
[WhiteElo "1277"]
[WhiteRD "93"]
[BlackElo "1674"]
[BlackRD "72"]
[GameID "419682"]

1. Nf3 d5 2. d4 Nf6 3. g3 c6 4. Nbd2 Bf5 5. Nh4 Bg6 6. Bh3 e6 7. a3 Be7 8. O-O Nbd7 9. Nxg6 hxg6 10. Kg2 g5
11. e3 e5 12. c4 exd4 13. exd4 dxc4 14. Nxc4 g4 15. Bxg4 Nxg4 16. Qxg4 Nf6 17. Qxg7 Qd5+ 18. f3 Qh5 19. Rh1 Qh3+ 20. Kg1 Rg8
0-1

[Event "only 10 players under 2000"]
[Site "SchemingMind.com"]
[Date "2017.10.19"]
[Round "-"]
[White "Transcendent"]
[Black "roscoe"]
[Result "1-0"]
[WhiteCountry "ENG"]
[BlackCountry "USA"]
[WhiteElo "1674"]
[WhiteRD "72"]
[BlackElo "1277"]
[BlackRD "93"]
[GameID "419683"]

1. e4 e5 2. d4 d5 3. dxe5 d4 4. Nf3 Nc6 5. Bb5 Bb4+ 6. Bd2 Bxd2+ 7. Qxd2 Ne7 8. Nxd4 O-O 9. Nxc6 bxc6 10. Bc4 Ng6
11. f4 a5 12. O-O Ba6 13. Qxd8 Raxd8 14. Bxa6 Rd4 15. Nc3 a4 16. Rad1 Rb4 17. b3 axb3 18. axb3 Rb6 19. Bc4 h6 20. Rd7 Rb7
21. Na4
1-0

[Event "only 10 players under 2000"]
[Site "SchemingMind.com"]
[Date "2017.10.23"]
[Round "-"]
[White "aliwood"]
[Black "Transcendent"]
[Result "0-1"]
[WhiteCountry "ENG"]
[BlackCountry "ENG"]
[WhiteElo "1279"]
[WhiteRD "64"]
[BlackElo "1690"]
[BlackRD "73"]
[GameID "419684"]

1. Nf3 d5 2. d4 Nf6 3. c4 c6 4. Nc3 dxc4 5. a4 Bf5 6. e3 e6 7. Bxc4 Bb4 8. O-O O-O 9. Bd2 Nbd7 10. Ne2 Be7
11. Nf4 Rc8 12. b3 Ne4 13. Bc1 Bb4 14. Rb1 Nc3
0-1

[Event "only 10 players under 2000"]
[Site "SchemingMind.com"]
[Date "2017.10.22"]
[Round "-"]
[White "dadshane2000"]
[Black "Transcendent"]
[Result "1-0"]
[WhiteCountry "USA"]
[BlackCountry "ENG"]
[WhiteElo "1898"]
[WhiteRD "89"]
[BlackElo "1674"]
[BlackRD "72"]
[GameID "419686"]

1. e4 e6 2. d4 d5 3. Nc3 Bb4 4. e5 c5 5. Qg4 Ne7 6. dxc5 Nbc6 7. Bd2 Ng6 8. Nf3 O-O 9. O-O-O Bxc5 10. Qh5 Bxf2
11. Ng5 h6 12. Nh3 Bc5 13. Re1 Nb4 14. a3 Nc6 15. Bxh6 gxh6 16. Qxh6 Be7 17. Bd3 Qe8 18. Nf4 Ncxe5 19. Rxe5
1-0

[Event "only 10 players under 2000"]
[Site "SchemingMind.com"]
[Date "2017.10.22"]
[Round "-"]
[White "Transcendent"]
[Black "dadshane2000"]
[Result "0-1"]
[WhiteCountry "ENG"]
[BlackCountry "USA"]
[WhiteElo "1674"]
[WhiteRD "72"]
[BlackElo "1898"]
[BlackRD "89"]
[GameID "419687"]

1. d4 g6 2. c4 Nf6 3. g3 c5 4. d5 d6 5. Bg2 Bg7 6. Nc3 O-O 7. Nf3 e6 8. O-O h6 9. e4 e5 10. Ne1 Nbd7
11. Nd3 Nb6 12. b3 a6 13. f4 Bg4 14. Qc2 exf4 15. Bxf4 Nh5 16. Rae1 Nxf4 17. gxf4 Qh4 18. Nf2 Bd4 19. Ne2 Bxe2 20. Rxe2 Qxf4
21. Kh1 Be5
0-1

[Event "only 10 players under 2000"]
[Site "SchemingMind.com"]
[Date "2017.10.19"]
[Round "-"]
[White "Black Knight"]
[Black "Transcendent"]
[Result "0-1"]
[WhiteCountry "USA"]
[BlackCountry "ENG"]
[WhiteElo "1343"]
[WhiteRD "58"]
[BlackElo "1619"]
[BlackRD "70"]
[GameID "419688"]

1. e4 e6 2. d4 d5 3. e5 c5 4. Nf3 cxd4 5. Nxd4 Nc6 6. Bb5 Bd7 7. Bxc6 bxc6 8. Nc3 c5 9. Nf3 Ne7 10. Bg5 Qc7
11. O-O Ng6 12. Re1 h6 13. Bh4 Nxh4 14. Nxh4 Be7 15. Nf3 O-O 16. a3 Rab8 17. Rb1 Rb7 18. b4 cxb4 19. axb4 Qxc3 20. Re3 Qc7
21. c3 Rfb8 22. Nd4 a5 23. Ra1 axb4 24. Qc2 bxc3 25. Rxc3 Qxc3
0-1

[Event "only 10 players under 2000"]
[Site "SchemingMind.com"]
[Date "2017.10.19"]
[Round "-"]
[White "Transcendent"]
[Black "Black Knight"]
[Result "1-0"]
[WhiteCountry "ENG"]
[BlackCountry "USA"]
[WhiteElo "1619"]
[WhiteRD "70"]
[BlackElo "1343"]
[BlackRD "58"]
[GameID "419689"]

1. d4 d5 2. c4 Nf6 3. cxd5 Nxd5 4. Nf3 Bf5 5. Nbd2 e6 6. e4 Bg4 7. exd5 exd5 8. Be2 Bb4 9. O-O Bxd2 10. Bxd2 O-O
11. Re1 Nd7 12. h3 Bxf3 13. Bxf3 Nf6 14. Bg5 h6 15. Bh4 Qd6 16. Bg3 Qd7 17. Be5 Ne4 18. Bxe4 dxe4 19. Rxe4 Rfe8 20. Rg4 f6
21. Bxf6 g5 22. Qd3 Qe6 23. Qg6+ Kf8 24. Qg7#
1-0

[Event "only 10 players under 2000"]
[Site "SchemingMind.com"]
[Date "2017.10.18"]
[Round "-"]
[White "Scooter"]
[Black "Transcendent"]
[Result "0-1"]
[WhiteCountry "USA"]
[BlackCountry "ENG"]
[WhiteElo "1688"]
[WhiteRD "56"]
[BlackElo "1638"]
[BlackRD "72"]
[GameID "419690"]

1. d4 d5 2. Nf3 Nf6 3. Bf4 c5 4. c3 Qb6 5. Qb3 Nc6 6. Nbd2 c4 7. Qxb6 axb6 8. e3 b5 9. Be2 Bf5 10. O-O e6
11. Ne5 Nxe5 12. Bxe5 Nd7 13. Nf3 f6 14. Bg3 Kf7 15. Nh4 Bg6 16. Nxg6 hxg6 17. h3 b4 18. Rfc1 b5 19. f3 bxc3 20. Rxc3 b4
21. Rcc1 Nb6 22. a3 bxa3 23. bxa3 Rxa3 24. Rxa3 Bxa3 25. Rb1 Nd7 26. Be1 Rb8 27. Rxb8 Nxb8 28. Bc3 Nc6 29. Bd1 Bc1 30. Ba4 Bxe3+
31. Kf1 Nxd4
0-1

[Event "only 10 players under 2000"]
[Site "SchemingMind.com"]
[Date "2017.10.18"]
[Round "-"]
[White "Transcendent"]
[Black "Scooter"]
[Result "1-0"]
[WhiteCountry "ENG"]
[BlackCountry "USA"]
[WhiteElo "1619"]
[WhiteRD "70"]
[BlackElo "1667"]
[BlackRD "56"]
[GameID "419691"]

1. d4 Nf6 2. c4 g6 3. g3 Bg7 4. Bg2 O-O 5. Nc3 c6 6. Nf3 d5 7. cxd5 cxd5 8. O-O a6 9. a4 Bd7 10. Qb3 b5
11. axb5 Bxb5 12. Nxb5 Qb6 13. Qd3 Nc6 14. Nc3 e6 15. Na4 Qa7 16. Nc5 Nxd4 17. Nxd4 Qxc5 18. Be3 Ng4 19. Nxe6
1-0

[Event "only 10 players under 2000"]
[Site "SchemingMind.com"]
[Date "2017.10.18"]
[Round "-"]
[White "Transcendent"]
[Black "kenneth m day"]
[Result "1-0"]
[WhiteCountry "ENG"]
[BlackCountry "USA"]
[WhiteElo "1701"]
[WhiteRD "69"]
[BlackElo "1731"]
[BlackRD "61"]
[GameID "419694"]

1. d4 d5 2. c4 c6 3. Nf3 Nf6 4. Qc2 e6 5. g3 Be7 6. Bg2 O-O 7. O-O Nbd7 8. Bf4 Re8 9. Nbd2 c5 10. cxd5 Nxd5
11. e4 Nxf4 12. gxf4 cxd4 13. Nxd4 Nf6 14. N2b3 Bd7 15. Qd3 Bc6 16. Rac1 Rc8 17. Qe3 Qd7 18. Nxc6 bxc6 19. Rc2 Qc7 20. Rfc1 Qb6
21. Qxb6 axb6 22. Rxc6 Rxc6 23. Rxc6 Rb8 24. Nd4 Bc5 25. Nb3 Nh5 26. Nxc5 bxc5 27. Rxc5 Nxf4 28. a4 h5 29. Rb5 Rc8 30. f3 Rc2
31. Bf1 Rc1 32. Kf2 f6 33. a5 e5 34. a6 Ne6 35. a7 Ra1 36. Rb8+ Kh7 37. a8=Q
1-0

[Event "only 10 players under 2000"]
[Site "SchemingMind.com"]
[Date "2017.10.19"]
[Round "-"]
[White "kenneth m day"]
[Black "Transcendent"]
[Result "1/2-1/2"]
[WhiteCountry "USA"]
[BlackCountry "ENG"]
[WhiteElo "1731"]
[WhiteRD "61"]
[BlackElo "1701"]
[BlackRD "69"]
[GameID "419695"]

1. e4 e6 2. d4 d5 3. Nd2 Nf6 4. e5 Nfd7 5. Bd3 c5 6. c3 Nc6 7. Ne2 cxd4 8. cxd4 f6 9. Nf3 Qb6 10. O-O Be7
11. b3 O-O 12. Bb2 fxe5 13. dxe5 Rxf3 14. gxf3 Ncxe5 15. Ng3 Bh4 16. Be2 Ng6 17. Qd4 Qxd4 18. Bxd4 Nf4 19. Bd1 e5 20. Be3 Nf6
21. Bc2 Bh3 22. Rfd1 d4 23. Bxf4 exf4 24. Ne4 Nxe4 25. Bxe4 Rd8 26. Bxb7 Rd6 27. Rac1 Rg6+ 28. Kh1 Bg2+ 29. Kg1 Bxf3+ 30. Kf1 Bxd1
31. Rxd1 Rd6 32. Be4 Kf7 33. Bd3 Bd8= 34. Kg2 h5 35. Re1 g5 36. Kf3 Re6 37. Rc1 Kf6 38. Rc4 Bb6 39. Rc1=
1/2-1/2

[Event "only 10 players under 2000"]
[Site "SchemingMind.com"]
[Date "2017.10.19"]
[Round "-"]
[White "Transcendent"]
[Black "ray winteringham"]
[Result "1-0"]
[WhiteCountry "ENG"]
[BlackCountry "ENG"]
[WhiteElo "1638"]
[WhiteRD "72"]
[BlackElo "1483"]
[BlackRD "52"]
[GameID "419696"]

1. d4 d5 2. c4 e6 3. Nf3 Be7 4. g3 Nf6 5. Bg2 b6 6. O-O Bb7 7. Qc2 Nbd7 8. cxd5 Nxd5 9. a3 c5 10. e3 Qc7
11. Nbd2 Rc8 12. Qd3 g6 13. b3 Bf6 14. Rb1 O-O 15. Ne4 Bg7 16. Bb2 f5 17. Neg5 Rce8 18. Rbc1 Bf6 19. h4 h5 20. Rc2 Qd8
21. Rfc1 Qa8 22. Qb5 Re7 23. Ne5 Bxe5 24. dxe5 Nxe3 25. fxe3 Nxe5 26. Bxe5 Bxg2 27. Rxg2 Rd8 28. Bf6 Red7 29. Bxd8 Qxd8 30. Nxe6 Qe8
31. Qc4 Re7 32. Nc7+ Qf7 33. Qxf7+ Rxf7 34. Ne6 Re7 35. Nf4
1-0

[Event "only 10 players under 2000"]
[Site "SchemingMind.com"]
[Date "2017.10.19"]
[Round "-"]
[White "ray winteringham"]
[Black "Transcendent"]
[Result "0-1"]
[WhiteCountry "ENG"]
[BlackCountry "ENG"]
[WhiteElo "1483"]
[WhiteRD "52"]
[BlackElo "1638"]
[BlackRD "72"]
[GameID "419697"]

1. e4 c5 2. b4 cxb4 3. a3 d5 4. Qe2 dxe4 5. Qxe4 Nc6 6. Bb5 Bd7 7. Nf3 Nf6 8. Qe2 e6 9. Bxc6 Bxc6 10. c3 bxc3
11. Nxc3 Be7 12. h3 O-O 13. d4 Rc8 14. Bd2 Bxf3 15. Qxf3 Qxd4 16. Rc1 Bxa3 17. Rd1 Qe5+ 18. Ne2 Bc5 19. Qxb7 Ne4 20. O-O Nxd2
21. Rfe1 Bxf2+ 22. Kxf2 Qc5+ 23. Kg3 Qe3+ 24. Kh2 Ne4 25. Nd4 Qg3+ 26. Kg1 Ng5 27. Ne2 Nxh3+ 28. Kh1 Nf2+ 29. Kg1 Qe3 30. Rd7 Nd3+
31. Kh2 Rc5 32. Ng3 Nxe1 33. Re7 Rg5 34. Qc7 h5 35. Rd7 Qf2 36. Qc3 Qxg2#
0-1

[Event "only 10 players under 2000"]
[Site "SchemingMind.com"]
[Date "2017.10.24"]
[Round "-"]
[White "roscoe"]
[Black "Iucounu"]
[Result "0-1"]
[WhiteCountry "USA"]
[BlackCountry "ENG"]
[WhiteElo "1277"]
[WhiteRD "93"]
[BlackElo "1582"]
[BlackRD "64"]
[GameID "419881"]

1. d4 Nf6 2. Nf3 g6 3. c4 Bg7 4. Nbd2 O-O 5. e4 d6 6. h3 Nbd7 7. e5 dxe5 8. dxe5 Ne8 9. b3 Nxe5 10. Rb1 Nxf3+
11. Qxf3 Rb8 12. Bd3 Nd6 13. O-O b6 14. Bb2 Bxb2 15. Rxb2 Bb7 16. Qg3 c5 17. Re1 e6 18. b4 cxb4 19. Rxb4 Nf5 20. Bxf5 exf5
21. Nb3 Re8 22. Rxe8+ Qxe8 23. c5 Rc8 24. a4 Qe1+
0-1